| 000 | 00952nas a2200289 4500 | ||
|---|---|---|---|
| 001 | BR2012009893 | ||
| 003 | BR-BrBNA | ||
| 005 | 20231205121722.0 | ||
| 007 | ta | ||
| 008 | 230509b bl.|||p| |||| 00| 00por d | ||
| 040 |
_aBR-BrBNA _bpor _cBiblioteca Nacional de Agricultura |
||
| 041 | _a(Pt) | ||
| 072 | _aK01 | ||
| 100 | 1 | _aFerreira, L.V. | |
| 100 | 1 | _aSalomão, R. de P. | |
| 100 | 1 | _aMatos, D.C.L. | |
| 100 | 1 | _aPereira, J.L.G. | |
| 245 | 1 | _aSimilaridade de espécies arbóreas em função da distância em uma floresta ombrófila na Floresta Nacional de Saracá-Taquera, Pará | |
| 650 | _aFLORESTA | ||
| 650 | _aCONTROLE FÍSICO | ||
| 650 | _aCONTROLE BIOLÓGICO | ||
| 650 | _aAMOSTRA | ||
| 650 | _aPARÁ | ||
| 773 | 0 |
_tBoletim do Museu Paraense Emílio Goeldi. Ciências Naturais (Brazil) _xISSN 1981-8114 _g(Sep-Dec 2011), v. 6(3) p. 295-306 _wBR2012009893 |
|
| 909 |
_a202311 _bLúcia _c55 _dLúcia Elande |
||
| 942 |
_2AGRIS _n0 _cANA |
||
| 999 |
_c224892 _d224892 |
||